| Tag |
First Indicator |
Second Indicator |
Subfields |
| LEADER |
00000cam a2200000 4500 |
| 001 |
in00000022398 |
| 005 |
20160202091306.0 |
| 008 |
760518s1960 ctu 00000 eng |
| 010 |
|
|
|a 60013156
|
| 035 |
|
|
|a (OCoLC)02180093
|
| 035 |
|
|
|9 AAD8750AM
|
| 040 |
|
|
|a DLC
|c FHM
|d TXA
|d UtOrBLW
|
| 049 |
|
|
|a TXAM
|c [353096]
|
| 050 |
|
0 |
|a PS3511.E74
|b O5
|
| 082 |
0 |
|
|a 811.54
|
| 092 |
|
|
|a 811
|b F399o
|
| 100 |
1 |
|
|a Ferry, David,
|d 1924-
|
| 245 |
1 |
0 |
|a On the way to the island ;
|b [poems.
|
| 250 |
|
|
|a 1st ed.].
|
| 264 |
|
1 |
|a Middletown, Conn. :
|b Wesleyan University Press,
|c [1960]
|
| 300 |
|
|
|a 50 pages ;
|c 21 cm.
|
| 336 |
|
|
|a text
|b txt
|2 rdacontent
|
| 337 |
|
|
|a unmediated
|b n
|2 rdamedia
|
| 338 |
|
|
|a volume
|b nc
|2 rdacarrier
|
| 999 |
|
|
|a MARS
|
| 999 |
f |
f |
|s a5f82075-0cf2-3fb2-a61b-c560f8b59dcf
|i 5f06d60b-db0f-3c03-9508-de9ae85f9a56
|t 0
|
| 952 |
f |
f |
|p ric
|a Texas A&M University
|b Rellis Campus
|c Joint Library Facility
|d Remote Storage
|t 0
|e PS3511.E74 O5
|h Library of Congress classification
|i unmediated -- volume
|m A14801215435
|
| 998 |
f |
f |
|a PS3511.E74 O5
|t 0
|l Remote Storage
|